Statistics for Fifa World Cup finalists

Click here to take the quiz!

General Stats

  • This quiz has been taken 521 times
  • The average score is 11 of 12

Answer Stats

No. of Finals Country % Correct
7Brazil
100%
8Germany
100%
5Argentina
99%
6Italy
99%
2France
98%
1Spain
96%
3Netherlands
94%
1England
94%
2Uruguay
92%
1Sweden
80%
2Hungary
77%
2Czechoslovakia
57%

Score Distribution

Percentile by Number Answered

Percent of People with Each Score

Your Score History

You have not taken this quiz